| 000 | 00405nam a2200157Ia 4500 | ||
|---|---|---|---|
| 999 |
_c10756 _d10756 |
||
| 008 | 191201s2011 xx 000 0 und d | ||
| 082 |
_a330.0151 _bCHF |
||
| 100 | _aCHIANG, Alpha C | ||
| 245 | 0 | _aFundamental Methods of Mathematical Economics | |
| 250 | _a4th | ||
| 260 |
_aNew Delhi _bMc Graw Hill _c2021 |
||
| 300 | _a688 | ||
| 650 | _aBA Economics | ||
| 700 | _aWAINWRIGHT, Kevin | ||
| 942 |
_2ddc _cBK |
||